Bouvard and Pécuchet

Uloženo v:
Podrobná bibliografie
Hlavní autor: Flaubert, Gustave
Médium: Kniha
Jazyk:Undetermined
Vydáno: Londres, Inglaterra Penguin Books 1976
Témata:
Tagy: Přidat tag
Žádné tagy, Buďte první, kdo vytvoří štítek k tomuto záznamu!

MARC

LEADER 00000nam a2200000Ia 4500
008 170316s9999 xx 000 0 und d
040 |a cru BVZT 
090 |a 840 F-5b 
100 |a Flaubert, Gustave 
245 |a Bouvard and Pécuchet 
260 |a Londres, Inglaterra 
260 |b Penguin Books 
260 |c 1976 
300 |a 329 páginas 
650 |a LITERATURA FRANCESA 
999 |c 7671  |d 7671 
942 |c 15 D  |h 840 F-5b  |2 z